Statistiques concernant 16 personnalités MBTI noms correspondant aux codes

Cliquez ici pour prendre le quiz!

Statistiques générales

  • Ce quiz a été pris 15 fois
  • Le résultat moyen est 8 sur 16

Statistiques - réponses

CodesNoms% Correct
INFPMédiateur
89%
INTJArchitecte
67%
INFJAvocat
67%
ENTPInnovateur
67%
ENFJProtagoniste
67%
ENTJCommandant
56%
ESFJConsul
56%
ENFPInspirateur
56%
ESFPAmuseur
44%
ISFJDéfenseur
44%
ESTJDirecteur
44%
ISTPVirtuose
44%
INTPLogicien
33%
ISTJLogisticien
33%
ESTPEntrepreneur
22%
ISFPEventurier
0%

Distribution des résultats

Percentile par nombre de réponses

% des personnes avec chaque résultat

Votre développement - résultats

Vous n’avez pas pris ce quiz